Central Library OPAC University of Rajshahi

The partnership act : (Record no. 46691)

MARC details
000 -LEADER
fixed length control field 00810cam a22002771 4500
001 - CONTROL NUMBER
control field 46691
003 - CONTROL NUMBER IDENTIFIER
rucl marc code BD-RjUL
005 - DATE AND TIME OF LATEST TRANSACTION
control field 20211209054206.0
008 - FIXED-LENGTH DATA ELEMENTS--GENERAL INFORMATION
fixed length control field 160803s1964 ii k 001 0 eng d
035 ## - SYSTEM CONTROL NUMBER
System control number (BD-RjUL) 46810
System control number (OCoLC)2979805
040 ## - CATALOGING SOURCE
Original cataloging agency DLC
Transcribing agency FU-L
Modifying agency MnU-L
-- DLC
-- (BD-RjUL)
Language of cataloging eng
041 ## - LANGUAGE CODE
Language code of text/sound track or separate title eng
082 04 - DEWEY DECIMAL CLASSIFICATION NUMBER
Classification number 346.5491
Author mark and year CHP 1964
100 1# - MAIN ENTRY--PERSONAL NAME
Personal name Choudhry, A.M.
9 (RLIN) 15633
110 1# - MAIN ENTRY--CORPORATE NAME
Corporate name or jurisdiction name as entry element India (Republic)
9 (RLIN) 143423
245 14 - TITLE STATEMENT
Title The partnership act :
Remainder of title IX of 1932 with commentary /
Statement of responsibility, etc. A.M. Choudhry
250 ## - EDITION STATEMENT
Edition statement 5th edi.
260 ## - PUBLICATION, DISTRIBUTION, ETC. (IMPRINT)
Place of publication, distribution, etc. Allahabad :
Name of publisher, distributor, etc. Law Book Co,
Date of publication, distribution, etc. 1964
300 ## - PHYSICAL DESCRIPTION
Pagination xxx,120 p. :
Illustrations ill. ;
Size 25 cm.
504 ## - BIBLIOGRAPHY, ETC. NOTE
Bibliography, etc Includes Index
650 #0 - SUBJECT ADDED ENTRY--TOPICAL TERM
Topical term or geographic name as entry element Partnership
Geographic subdivision Pakistan
9 (RLIN) 15636
700 1# - ADDED ENTRY--PERSONAL NAME
Personal name ,
Relator term editor.
942 ## - ADDED ENTRY ELEMENTS (KOHA)
Source of classification or shelving scheme Dewey Decimal Classification
Koha item type Books
Holdings
Lost status Source of classification or shelving scheme Damaged status Not for loan Collection code Permanent Location Current Location Shelving location Date acquired Source of acquisition Cost, normal purchase price Total Checkouts Full call number Date last seen Copy number Koha item type
  Dewey Decimal Classification     Non-fiction Central Library, University of Rajshahi Central Library, University of Rajshahi   22/02/1967 pak law house 3.00   346.5491 CHP 1964 03/08/2016 C-2 Books
  Dewey Decimal Classification     Non-fiction Central Library, University of Rajshahi Central Library, University of Rajshahi   22/02/1967 pak law house 3.00   346.5491 CHP 1964 03/08/2016 C-3 Books
  Dewey Decimal Classification     Non-fiction Central Library, University of Rajshahi Central Library, University of Rajshahi   22/02/1967 pak law house 3.00   346.5491 CHP 1964 03/08/2016 C-4 Books
  Dewey Decimal Classification     Non-fiction Central Library, University of Rajshahi Central Library, University of Rajshahi   22/02/1967 pak law house 3.00   346.5491 CHP 1964 03/08/2016 C-5 Books
  Dewey Decimal Classification     Non-fiction Central Library, University of Rajshahi Central Library, University of Rajshahi   22/02/1967 pak law house 3.00   346.5491 CHP 1964 03/08/2016 C-6 Books
  Dewey Decimal Classification     Non-fiction Central Library, University of Rajshahi Central Library, University of Rajshahi   22/02/1967 pak law house 3.00   346.5491 CHP 1964 03/08/2016 C-7 Books
  Dewey Decimal Classification     Non-fiction Central Library, University of Rajshahi Central Library, University of Rajshahi   22/02/1967 pak law house 3.00   346.5491 CHP 1964 03/08/2016 C-8 Books
  Dewey Decimal Classification     Non-fiction Central Library, University of Rajshahi Central Library, University of Rajshahi   22/02/1967 pak law house 3.00   346.5491 CHP 1964 03/08/2016 C-9 Books